Phát triển kinh tế của Nhật Bản : Con đường đi lên từ một nước đang phát triển = The economic development of Japan : The path traveled by Japan as a developing country

Cuốn sách này viết về lịch sử của Nhật bản từ thời Edo, trước khi nền công nghiệp Nhật Bản cất cánh. Nội dung đề cập các vấn đề thực tế kèm theo số liệu và giới thiệu về những cuộc tranh luận trong lịch sử cùng những cách giải...

全面介绍

Đã lưu trong:
书目详细资料
主要作者: Ohno, Kenicho
格式: 图书
语言:Undetermined
出版: Hà Nội Diễn đàn phát triển Việt Nam 2007
标签: 添加标签
没有标签, 成为第一个标记此记录!
Thư viện lưu trữ: Trung tâm Học liệu Trường Đại học Cần Thơ
LEADER 01517nam a2200193Ia 4500
001 CTU_136376
008 210402s9999 xx 000 0 und d
082 |a 330.952033 
082 |b O.38 
100 |a Ohno, Kenicho 
245 0 |a Phát triển kinh tế của Nhật Bản : 
245 0 |b Con đường đi lên từ một nước đang phát triển = The economic development of Japan : The path traveled by Japan as a developing country 
245 0 |c Kenichi Ohno 
260 |a Hà Nội 
260 |b Diễn đàn phát triển Việt Nam 
260 |c 2007 
520 |a Cuốn sách này viết về lịch sử của Nhật bản từ thời Edo, trước khi nền công nghiệp Nhật Bản cất cánh. Nội dung đề cập các vấn đề thực tế kèm theo số liệu và giới thiệu về những cuộc tranh luận trong lịch sử cùng những cách giải thích khác nhau về những cuộc tranh luận này. Sách trả lưòi hai câu hỏi thường gặp: (i) vì sao Nhật Bản có thể trở thành một nước công nghiệp dẫn đầu trong các nước đi sau; (ii) vì sao Nhật Bản lại dùng đến việc xâm chiếm quân sự các nước láng giềng trong quá trình hiện đại hóa. 
904 |i Trọng Hiếu 
980 |a Trung tâm Học liệu Trường Đại học Cần Thơ